00602 2200229 4500001002100000005001500021035002000036008004100056020002200097041000700119082000800126090001400134100001800148245003800166260003500204300003400239084001400273250000900287990002600296990002500322990002500347INLIS00000000000379420240612092536 a0010-0722003794240612 | | ind  a978-979-420-915-8 aid a108 a108 Mun f1 aMunir, Misnal1 aFilsafat Sejarah /cMunir, Misnal aYogyakarta :bUGM Press,c2016 aviii, 72hlm. :bilus. ;c23cm a108 MUN f aed.2 ac.1(00145/STPP/Pb/18) ac.2/00146/stpp/pb/18 ac.3/00147/stpp/pb/18